Worst State Flags - Statistics

General Stats
  • This quiz has been taken 50 times
  • The average score is 7 of 10
Answer Stats
Picture Hint Answer % Correct
46th Place Oregon
100%
42nd Place Texas
92%
44th Place Alabama
76%
49th Place Hawaii
76%
45th Place Ohio
74%
47th Place Rhode Island
58%
41st Place Tennessee
58%
50th Place Georgia
47%
43rd Place Connecticut
42%
48th Place Pennsylvania
32%
No matching quizzes found
Score Distribution
Percent of People with Each Score
Percentile by Number Answered
Your Score History
You have not taken this quiz